|
|
|
|
| LEADER |
00000nam0a2200000 4500 |
| 001 |
342578 |
| 005 |
20231102005452.0 |
| 010 |
|
|
|a 9785534085150
|
| 035 |
|
|
|a (RuTPU)RU\TPU\book\371701
|
| 090 |
|
|
|a 342578
|
| 100 |
|
|
|a 20190318d2019 m y0rusy50 ca
|
| 101 |
0 |
|
|a rus
|
| 102 |
|
|
|a RU
|
| 105 |
|
|
|a y j 001zy
|
| 200 |
1 |
|
|a История российского предпринимательства
|e учебное пособие для академического бакалавриата
|f Р. М. Иванова
|g Национальный исследовательский ядерный университет "МИФИ"
|
| 205 |
|
|
|a 2-е изд.
|
| 210 |
|
|
|a Москва
|c Юрайт
|d 2019
|
| 215 |
|
|
|a 304 с.
|
| 225 |
1 |
|
|a Университеты России
|
| 320 |
|
|
|a Библиогр.: с. 194-196
|
| 330 |
|
|
|a Серия "Университеты России" позволит высшим учебным заведениям нашей страны использовать в образовательном процессе издания (в том числе учебники и учебные пособия по различным дисциплинам), подготовленные преподавателями лучших университетов России и впервые опубликованные в издательствах университетов. Все представленные в этой серии работы прошли экспертную оценку учебно-методического отдела издательства и публикуются в оригинальной редакции. Цель учебного пособия состоит в том, чтобы оказать помощь студентам в организации самостоятельной работы по изучению курса "История российского предпринимательства". В пособии сформулированы структура, основные подходы, направление и логика изучения спецкурса. Кроме основного материала курса предлагаются приложения, содержащие методические материалы, документы, публицистику, воспоминания по истории российского предпринимательства. Освоение этого материала создает научную основу для самостоятельного изучения программы спецкурса. Внимание студентов ориентировано на изучение истории российского предпринимательства в тесной взаимосвязи с развитием исторического процесса. Учебное пособие подготовлено на основе Государственного образовательного стандарта Министерства образования и науки России. Данная книга является переизданием без изменения текста учебного пособия: Иванова Р. М. История российского предпринимательства. Учебное пособие. — М.: НИЯУ МИФИ, 2015.
|
| 606 |
1 |
|
|a Предпринимательство
|x История
|y Россия
|2 stltpush
|3 (RuTPU)RU\TPU\subj\36669
|
| 610 |
1 |
|
|a экономика
|
| 610 |
1 |
|
|a российское предпринимательство
|
| 610 |
1 |
|
|a деловая жизнь
|
| 610 |
1 |
|
|a Древнерусское государство
|
| 610 |
1 |
|
|a Киевская Русь
|
| 610 |
1 |
|
|a татаро-монгольское иго
|
| 610 |
1 |
|
|a Московское государство
|
| 610 |
1 |
|
|a 15 век
|
| 610 |
1 |
|
|a 16 век
|
| 610 |
1 |
|
|a 17 век
|
| 610 |
1 |
|
|a 18 век
|
| 610 |
1 |
|
|a 19 век
|
| 610 |
1 |
|
|a бизнес
|
| 610 |
1 |
|
|a предприниматели
|
| 610 |
1 |
|
|a пореформенная экономика
|
| 610 |
1 |
|
|a хозяйственно-экономическая деятельность
|
| 610 |
1 |
|
|a постсоветский период
|
| 610 |
1 |
|
|a 21 век
|
| 610 |
1 |
|
|a торговое предпринимательство
|
| 610 |
1 |
|
|a учебные пособия
|
| 686 |
|
|
|a У03(2)я73
|v LBC/SL-A
|2 rubbk
|
| 700 |
|
1 |
|a Иванова
|b Р. М.
|g Раиса Михайловна
|
| 712 |
0 |
2 |
|a Национальный исследовательский ядерный университет "МИФИ"
|c (2009- )
|2 stltpush
|3 (RuTPU)RU\TPU\col\16390
|9 26391
|
| 801 |
|
1 |
|a RU
|b 63413507
|c 20190318
|
| 801 |
|
2 |
|a RU
|b 63413507
|c 20190619
|g RCR
|
| 942 |
|
|
|c BK
|
| 959 |
|
|
|a 2/20190315
|d 1
|e 589,00
|f ЧЗГЛ:1
|